1282 1821 1874 1103 1596 1025 1975 1889 1707 1321 1802 1555 1582 1915 1178 1140 1402 1263 1666 1276 1474 1785 1616 1766 1293 1599 1738 1916 1423 1097 1962 1062 1199 1639 1692 1128 1216 1615 1586 1154 1467 1973 1907 1524 1720 1932 1861 1045 1319 1926 1600 1175 1966 1648 1170 1430 1556 1842 1292 1793 1988 1693 1719 1908 1422 1047 1888 1838 1014 1405 1287 1822 1237 1306 1029 1540 1824 1866 1971 1580 1607 1415 1851 1347 1738 1049 1587 1869 1536 1353 1273 1583 1127 1639 1222 1491 1847 1324 1158 BCNSPRNW ULIB Ver.6.0+V

เปลี่ยนเป็นภาษาไทย

Change to English
 แสดงรายละเอียดบรรณานุกรม
  กลับหน้าหลัก

Brief Record : Get Marc (ISO 2709) : E-mail record : QR code < ปิดหน้าต่าง
LEADER : 00000nam 2200000uu 4500
001    13399114771
003     ULIB
008    120517s2554||||th 000 0 tha d
020    ^a9786167342511
050  4 ^aQA76.76^bอ568ร
100 0  ^aอัมรินทร์ เพ็ชรกุล
245 00 ^aเรียนรู้และใช้งานคอมพิวเตอร์ Windows7 และ Office2010 /^cอัมรินทร์ เพ็ชรกุล
260    ^aกรุงเทพฯ :^bซิมพลิฟาย,^c2554
300    ^a504 หน้า :^bภาพประกอบ
650  7 ^aคอมพิวเตอร์
650  7 ^aWindows7
650  7 ^aOffice2010
945    ^p199^l0^i19054
995    ^aกัณชพร
999 ^a ใช้งานได้ทุกระบบ
รายการนี้ยังไม่มีแท็ก
คุณยังไม่ได้ล็อกอิน คุณสามารถมีกิจกรรมร่วมกับเว็บไซต์ได้ แต่ต้องล็อกอินก่อน ::
  ล็อกอิน

รายการสื่อสารสนเทศ

ลำดับที่ ประเภท เลขเรียก/บาร์โค้ด สถานที่ สถานะ
- ไม่พบข้อมูล -

รายการใกล้เคียง
    ผู้แต่ง [อัมรินทร์ เพ็ชรกุล]

    หัวเรื่อง [คอมพิวเตอร์]
    หัวเรื่อง [Windows7]
    หัวเรื่อง [Office2010]

BibComment


ยังไม่เคยถูกคอมเมนท์

คอมเมนท์ทรัพยากรรายการนี้
  คอมเมนท์: เรียนรู้และใช้งา..


 Copyright 2026. Bcnsprnw @Library